Columbine - le Quiz - Statistiques

Statistiques générales
  • Ce quiz a été pris 151 fois
  • Le résultat moyen est 10 sur 12
Statistiques - réponses
Question Reponse % Correct
Combien de membres contient le groupe ? 8
98%
Qui a chanté "Caméléons" ? Foda C
97%
En quelle année le groupe de sépara-t-il ? 2019
96%
Quel est la ville d'origine du groupe ? Rennes
91%
Complétez les paroles : "Un oiseau sans plumes annonce..." La paix
86%
Quel est le prénom de Lujipeka ? Lucas
84%
De quelle céelebrité parle le groupe dans "Marion" ? Marion Cotillard
84%
Quel est leur chanson la plus écoutée ? Cache-cache
74%
La sortie de leur dernier album a été reportée car un autre groupe de rap français sortait leur album le même jour. Lequel ? PNL
66%
Quel genre de film regardait Lujipeka lorsqu'il rencontra Foda C ? Porno
63%
Quels membres ont sortis d'autres albums ensembles ? Chaman et Sully
62%
Dans quelle chanson trouve-t-on les paroles "Freine, on descend là. Où tu m'emmène, je n'irait pas" ? Borderline
60%
Aucun quiz correspondant
Distribution des résultats
% des personnes avec chaque résultat
Percentile par nombre de réponses
Votre historique - résultats
Vous n’avez pas pris ce quiz